000 00406pab a2200157 454500
008 180718b2007 xxu||||| |||| 00| 0 eng d
100 _aRadhakrishna, Meena
245 _aUrban denotified tribes: competing identities, contested citizenship
260 _c2007
300 _ap.59-64.
362 _a22 Dec
650 _aTribes
773 _aEconomic and Political Weekly
908 _aN
909 _a76741
999 _c76741
_d76741